| 000 | 00354nam a2200133Ia 4500 | ||
|---|---|---|---|
| 008 | 240624s9999 xx 000 0 und d | ||
| 041 | _aeng | ||
| 082 | _a658.8101 CES | ||
| 100 | _aCESPEDES FRANK V | ||
| 245 | _aALIGNING STRATEGY AND SALES THE CHOICES | ||
| 260 |
_c2014 _aBoston _bHarvard Business Review Press |
||
| 300 | _a336 : p. | ||
| 365 |
_cRS _b25 |
||
| 999 |
_c23954 _d23954 |
||